| 000 | 00659nam a2200169 i 4500 | ||
|---|---|---|---|
| 001 | 52190 | ||
| 003 | ES-MaACL | ||
| 007 | t| | ||
| 008 | 030826s1947 mx ||||1| spa d | ||
| 100 | 1 |
_aChristopher, Frederick. _938672 |
|
| 245 | 1 | 0 |
_aTratado de patología quirúrgica / _cpor autores americanos ; publicado bajo la dirección de Fraderick Christopher ; traducción de la cuarta edición original dirigida por Ramón Bertrán. |
| 250 | _a[1ª ed. española]. | ||
| 260 |
_aMéxico : _bEdit. Interamericana, _c1947 ( _fImp. Nuevo Mundo) |
||
| 300 |
_a2 v. : _bil. ; _c28 cm. |
||
| 700 | 1 |
_aBertrán, Ramón. _928502 |
|
| 852 |
_aES-MaACL _jB-1742-43 _bR.26420 |
||
| 999 |
_c52190 _d52190 |
||